| 000 | 00927nam a2200229 a 4500 | ||
|---|---|---|---|
| 001 | 000024025 | ||
| 005 | 20250924073802.0 | ||
| 008 | 110118s1986 dr 000 0 spa d | ||
| 040 |
_aDO-SdBNP _bspa _cBNPHU |
||
| 082 |
_a320.97293 _bA696g |
||
| 100 | 1 |
_aArias, Luis _932023 |
|
| 245 | 1 | 0 |
_aGobierno del PRD y su política exterior período 1978-1986 / _cLuis Arias ; prólogo Roberto Álvarez. |
| 260 |
_aSanto Domingo : _bEditora Universitaria, _c1986. |
||
| 300 | _a130 p. | ||
| 490 | 1 |
_aPublicaciones de la Universidad Autonóma de Santo Domingo _v476 |
|
| 590 | _aInventariado, 2018/ YL | ||
| 651 | 4 |
_aRepública Dominicana _xPolítica Y Gobierno _y1978-1986 _949365 |
|
| 651 | 4 |
_aRepública Dominicana _xRelaciones Exteriores _y1978-1986 _949366 |
|
| 700 | 1 | 2 |
_aÁlvarez, Roberto _epról. _949367 |
| 830 |
_aPublicaciones de la Universidad Autónoma de Santo Domingo _v476 _952 |
||
| 910 | _aValidado. Control de calidad MFF | ||
| 999 |
_c23520 _d23520 |
||